000 00719nam a2200253Ia 4500
003 OSt
005 20220918163727.0
006 a|||||r|||| 00| 0
007 ta
008 220917b |||||||| |||| 00| 0 eng d
020 _a0226287971
024 _a36,253
037 _cTextual
040 _aARTS
_cARTS
_beng
041 _2eng
_aeng
082 _aO122,2N05w, 111M9.1
100 _aGerassi John
_914903
245 0 _aJean-Paul Sartre
_b hated consience of his century
260 _aChicago
_bUniv Of Chicago Press
_c1989
500 _aBib 205-08p; Includex index
650 _aENGLISH LITERATURE
942 _hO122,2N05w, 111M9.1
_cTEXL
_2CC
999 _c121115
_d121115